00326nam a22001097a 4500082001700000100002100017245003700038260002700075300000800102505004200110650006400152 a547.0562 DER aDeraniyagala S.P aOrganotransition Metal Chemistry aPeradeniyabUniversity a137 aBasic Principles,Metal Legand Bonding aChemistryaMetal ChemistryaOrganotranition Metal Chemistry